Motivácia a jej vplyv na zvyšovanie výkonnosti v podniku bakalárska práca

Salvato in:
Dettagli Bibliografici
Autore principale: Palástiová, Andrea
Ente Autore: Fakulta podnikového manažmentu EU. Katedra manažmentu
Altri autori: Majtán, Miroslav
Natura: Libro
Lingua:slovacco
Pubblicazione: Bratislava 2010
Tags: Aggiungi Tag
Nessun Tag, puoi essere il primo ad aggiungerne!!

MARC

LEADER 00000nbm a2200000 4500
001 0133657
005 20161109111542.6
041 0 |a slo 
044 |a SK 
245 1 0 |a Motivácia a jej vplyv na zvyšovanie výkonnosti v podniku  |b bakalárska práca  |c Andrea Palástiová ; školiteľ: Miroslav Majtán 
264 1 |a Bratislava  |c 2010 
300 |a 52 s. 
100 1 |a Palástiová, Andrea 
700 1 |a Majtán, Miroslav 
710 2 |a Fakulta podnikového manažmentu EU. Katedra manažmentu